Quiz der Geschichte - Schlacht im Teutoburger Wald - Statistiken

Allgemein
  • Dieses Quiz wurde 64 mal gespielt
  • Das Durchschnittsergebnis liegt bei 6 aus 8
Antwortstatistiken
Hint Antwort % Korrekt
Welches Volk gewann diese Schlacht? (Überbegriff, nicht die einzelnen Stämme) Germanen
96%
Welches Volk verlor die Schlacht im Teutoburger Wald? Rom
96%
Wer war der Anführer der gewinnenden Armee? Arminius
84%
Wie viele Legionen wurden vernichtet? 3
80%
Wer war der Anführer der Armee die verloren hat? Publius Quinctilius Varus
80%
Was wird als ursprünglicher Name dieser Person angenommen? Hermann
73%
Er war Fürst welchen Stammes? Cherusker
54%
Wo soll das Winterlager der verlierenden Armee gewesen sein? Xanten
16%
Keine übereinstimmenden Quizze gefunden
Verteilung der Resultate
Anzahl Personen mit jedem Resultat
Perzentil nach korrekt beantworteten Fragen
Ihre Resultats-Entwicklung
Sie haben dieses Quiz noch nicht gespielt